000 00379nam a2200121Ia 4500
005 20260326100026.0
008 260326s9999||||xx |||||||||||||| ||und||
100 _aErroz, Francisco Javier
245 0 _aArquitectos del Siglo XX en Panamá :
_b Un Siglo de Arquitectura 1903-2003 /
_cFrancisco Javier Erroz
260 _bImprenta Universitaria
650 _aARQUITECTOS
942 _cBK
999 _c6380
_d6380